Training and handholding support for community level workers in disaster psychosocial care pogramme (Record no. 108009)

000 -LEADER
fixed length control field 00500pab a2200169 454500
008 - FIXED-LENGTH DATA ELEMENTS--GENERAL INFORMATION
fixed length control field 180718b2015 xxu||||| |||| 00| 0 eng d
100 ## - MAIN ENTRY--PERSONAL NAME
Personal name Pillai, Renjith R.
245 ## - TITLE STATEMENT
Title Training and handholding support for community level workers in disaster psychosocial care pogramme
260 ## - PUBLICATION, DISTRIBUTION, ETC.
Date of publication, distribution, etc. 2015
300 ## - PHYSICAL DESCRIPTION
Extent p.49-54.
362 ## - DATES OF PUBLICATION AND/OR SEQUENTIAL DESIGNATION
Dates of publication and/or sequential designation Jan-Jun
650 ## - SUBJECT ADDED ENTRY--TOPICAL TERM
Topical term or geographic name entry element Community action
650 ## - SUBJECT ADDED ENTRY--TOPICAL TERM
Topical term or geographic name entry element Training
700 ## - ADDED ENTRY--PERSONAL NAME
Personal name Sekar, K.
773 ## - HOST ITEM ENTRY
Main entry heading South Asian Journal of Socio-Political Studies
909 ## -
-- 108014
Holdings
Withdrawn status Lost status Damaged status Not for loan Permanent Location Current Location Date acquired Serial Enumeration / chronology Barcode Date last seen Price effective from Koha item type
        Indian Institute of Public Administration Indian Institute of Public Administration 2018-07-19 Volume no: 15, Issue no: 2 AR108474 2018-07-19 2018-07-19 Articles

Powered by Koha